[Event "YUG-chT2"]
[Site "Tivat"]
[Date "1995.??.??"]
[Round "3"]
[White "Despotovic, Momcilo"]
[Black "Milovanovic, Rade"]
[Result "1-0"]
[WhiteElo "2295"]
[BlackElo "2450"]
[PlyCount "68"]
[EventDate "1995.??.??"]
[EventType "team"]
[EventRounds "11"]
[EventCountry "YUG"]
[SourceTitle "EXT 2002"]
[Source "ChessBase"]
[SourceDate "2001.11.25"]
[SourceVersion "1"]
[SourceVersionDate "2001.11.25"]
[SourceQuality "1"]

1. d4 Nf6 2. Nf3 e6 3. Bg5 c5 4. e3 h6 5. Bh4 b6 6. Nbd2 Bb7 7. Bd3 Be7 8. 0-0 0-0 9. c3 Nc6 10. Re1 cxd4 11. exd4 Nd5 12. Bxe7 Ncxe7 13. a4 Nf4 14. Bf1 f5 15. g3 Nfg6 16. Bg2 Qc7 17. c4 Nc8 18. Rc1 Nd6 19. Ne5 Nxe5 20. dxe5 Bxg2 21. Kxg2 Nf7 22. Nf3 g5 23. Qd4 Qc6 24. g4 h5 25. h3 Nh6 26. Qd3 hxg4 27. hxg4 Nxg4 28. Kg3 Nh6 29. Nxg5 f4+ 30. Kh3 Rf5 31. Rg1 Kh8 32. Kh4 Rg8 33. Qd6 Rgxg5 34. Rxg5 Qf3 1-0

[Event "YUG-chT2"]
[Site "Tivat"]
[Date "1995.??.??"]
[Round "9"]
[White "Krnic, Zdenko"]
[Black "Despotovic, Momcilo"]
[Result "1-0"]
[WhiteElo "2450"]
[BlackElo "2295"]
[PlyCount "111"]
[EventDate "1995.??.??"]
[EventType "team"]
[EventRounds "11"]
[EventCountry "YUG"]
[SourceTitle "EXT 2002"]
[Source "ChessBase"]
[SourceDate "2001.11.25"]
[SourceVersion "1"]
[SourceVersionDate "2001.11.25"]
[SourceQuality "1"]

1. c4 e5 2. Nc3 Nf6 3. g3 c6 4. d4 exd4 5. Qxd4 d5 6. Nf3 Be7 7. Bg2 0-0 8. 0-0 c5 9. Qd3 d4 10. Nd5 Nc6 11. a3 g6 12. Nxe7+ Qxe7 13. Bg5 Bf5 14. Qd2 Rfe8 15. Rfe1 Ne4 16. Bxe7 Nxd2 17. Nxd2 Rxe7 18. Nb3 Rae8 19. Nxc5 Na5 20. b4 Nxc4 21. Rec1 Nd6 22. Nb3 Nb5 23. a4 Be6 24. axb5 Bxb3 25. Bf3 b6 26. Ra3 Be6 27. Bc6 Rd8 28. f3 h5 29. Kf2 g5 30. Rca1 Bc4 31. Be4 Bxb5 32. Rxa7 Rxa7 33. Rxa7 Bc4 34. Rc7 b5 35. Rc5 f6 36. h4 gxh4 37. gxh4 Re8 38. Rxh5 Re7 39. Rc5 Kg7 40. Rh5 Kg8 41. Rc5 Kg7 42. Bd3 Bxd3 43. exd3 Re3 44. Rxb5 Rxd3 45. Rd5 Kf7 46. h5 Kg7 47. f4 Kh6 48. Ke2 Rb3 49. Rxd4 Kxh5 50. Kd2 Kg6 51. Kc2 Rh3 52. b5 Kf5 53. b6 Rh7 54. Kb3 Rb7 55. Rb4 Ke6 56. Kc4 1-0

[Event "YUG-chT2"]
[Site "Tivat"]
[Date "1995.??.??"]
[Round "11"]
[White "Paunovic, Dragan"]
[Black "Despotovic, Momcilo"]
[Result "1-0"]
[WhiteElo "2455"]
[BlackElo "2295"]
[PlyCount "71"]
[EventDate "1995.??.??"]
[EventType "team"]
[EventRounds "11"]
[EventCountry "YUG"]
[SourceTitle "EXT 2002"]
[Source "ChessBase"]
[SourceDate "2001.11.25"]
[SourceVersion "1"]
[SourceVersionDate "2001.11.25"]
[SourceQuality "1"]

1. Nf3 d5 2. c4 e6 3. d4 c5 4. cxd5 exd5 5. g3 Nc6 6. Bg2 Bg4 7. 0-0 Bxf3 8. Bxf3 cxd4 9. Qb3 Qb6 10. Bxd5 Qxb3 11. Bxb3 Nf6 12. Nd2 Bc5 13. Nf3 0-0 14. Bg5 Ne4 15. Rac1 Bb6 16. Bd5 Nxg5 17. Nxg5 h6 18. Bxc6 bxc6 19. Nf3 Rfe8 20. Rc2 Rad8 21. Rd1 c5 22. Kf1 Re7 23. Ne1 Rde8 24. b3 g5 25. Nd3 Kg7 26. a3 Rc7 27. Rc4 f6 28. Rdc1 Rec8 29. Nb2 Kf7 30. Na4 Ke6 31. Ke1 Kd5 32. Kd2 Rc6 33. Kd3 Bd8 34. Nxc5 Rxc5 35. Rxd4+ Kc6 36. Rxc5+ 1-0

[Event "YUG-chT 41st"]
[Site "Zlatibor"]
[Date "1989.08.29"]
[Round "2"]
[White "Raicevic, Ivica"]
[Black "Despotovic, Momcilo"]
[Result "1-0"]
[WhiteElo "2325"]
[BlackElo "2340"]
[PlyCount "87"]
[EventDate "1989.09.??"]
[EventType "team"]
[EventRounds "9"]
[EventCountry "YUG"]
[SourceTitle "EXT 2000"]
[Source "ChessBase"]
[SourceDate "1999.11.16"]
[SourceVersion "1"]
[SourceVersionDate "1999.11.16"]
[SourceQuality "1"]
[WhiteTeam "Zeleznicar"]
[BlackTeam "Gosa"]
[WhiteTeamCountry "YUG"]
[BlackTeamCountry "YUG"]

1. c4 e5 2. Nc3 Nf6 3. Nf3 d6 4. g3 c6 5. d3 h6 6. Bg2 Be6 7. 0-0 Nbd7 8. e4 Be7 9. h3 0-0 10. Nh4 Ne8 11. Nf5 Bg5 12. f4 Bf6 13. Nxh6+ gxh6 14. f5 Bg7 15. fxe6 fxe6 16. Rxf8+ Nxf8 17. Kh2 Nf6 18. Be3 a6 19. a4 c5 20. h4 Qe7 21. Bh3 N8d7 22. g4 Nh7 23. g5 hxg5 24. Qg4 Ndf8 25. hxg5 Re8 26. Rg1 Ng6 27. Ne2 Nhf8 28. b3 b5 29. axb5 axb5 30. Ng3 bxc4 31. bxc4 Ra8 32. Nf5 exf5 33. exf5 Ra2+ 34. Rg2 Qa7 35. fxg6 e4 36. Qxe4 Rxg2+ 37. Kxg2 Qa2+ 38. Kg3 Be5+ 39. Bf4 Qa1 40. Bxe5 dxe5 41. Qd5+ Kh8 42. Qf7 Qe1+ 43. Kg4 Qe2+ 44. Qf3 1-0

[Event "Belgrade GMA op"]
[Site "Belgrade"]
[Date "1988.??.??"]
[Round "?"]
[White "Despotovic, Momcilo"]
[Black "Jukic, Mirko"]
[Result "1/2-1/2"]
[WhiteElo "2355"]
[BlackElo "2470"]
[PlyCount "100"]
[EventDate "1988.12.??"]
[EventType "swiss"]
[EventRounds "9"]
[EventCountry "YUG"]
[SourceTitle "TD"]
[Source "ChessBase"]
[SourceDate "1994.03.01"]
[SourceVersion "1"]
[SourceVersionDate "1994.03.01"]
[SourceQuality "1"]

1. d4 Nf6 2. c4 e6 3. Nc3 Bb4 4. e3 c5 5. Bd3 Nc6 6. Nge2 cxd4 7. exd4 d5 8. cxd5 Nxd5 9. 0-0 0-0 10. Bc2 Bd6 11. a3 Nxc3 12. bxc3 e5 13. d5 Na5 14. Kh1 Qh4 15. g3 Qh5 16. f3 b6 17. Qd3 f5 18. Bd2 Bb7 19. c4 e4 20. Qd4 Bc5 21. Qc3 e3 22. Bc1 Qf7 23. Bb2 Be7 24. Bxf5 Bf6 25. Qc2 Qh5 26. Nf4 Qh6 27. Bxf6 Rxf6 28. Be6+ Kh8 29. Rae1 Ba6 30. Qe4 Re8 31. Rc1 Nb3 32. Qxe3 Nxc1 33. Rxc1 Bc8 34. Qc3 Bxe6 35. dxe6 Rxf4 36. gxf4 Qxe6 37. Rg1 Qf7 38. f5 Rc8 39. Qe5 Qf6 40. Qxf6 gxf6 41. Rd1 Rxc4 42. Rd8+ Kg7 43. Rd7+ Kh6 44. Rxa7 Rc2 45. Rb7 Rb2 46. h4 b5 47. Kg1 Ra2 48. Rxb5 Kh5 49. Rb4 Rxa3 50. Kg2 Ra5 1/2-1/2

[Event "Belgrade GMA op"]
[Site "Belgrade"]
[Date "1988.??.??"]
[Round "?"]
[White "Despotovic, Momcilo"]
[Black "Simic, Radoslav"]
[Result "1/2-1/2"]
[WhiteElo "2355"]
[BlackElo "2485"]
[PlyCount "78"]
[EventDate "1988.12.??"]
[EventType "swiss"]
[EventRounds "9"]
[EventCountry "YUG"]
[SourceTitle "TD"]
[Source "ChessBase"]
[SourceDate "1994.03.01"]
[SourceVersion "1"]
[SourceVersionDate "1994.03.01"]
[SourceQuality "1"]

1. d4 Nf6 2. c4 g6 3. Nc3 d5 4. cxd5 Nxd5 5. e4 Nxc3 6. bxc3 Bg7 7. Bc4 c5 8. Ne2 Nc6 9. Be3 0-0 10. 0-0 b6 11. Qd2 Bb7 12. Rac1 Qd7 13. Rfd1 Rfd8 14. dxc5 Qxd2 15. Rxd2 Rxd2 16. Bxd2 bxc5 17. Be3 e6 18. Rb1 Na5 19. Bd3 Rd8 20. Bc2 Ba6 21. Rd1 Rxd1+ 22. Bxd1 Nc4 23. Bc1 Nd6 24. f3 Bxe2 25. Bxe2 Bxc3 26. Bf4 e5 27. Bg5 Kf8 28. Bd8 f5 29. Bc7 Ne8 30. Bb8 a5 31. exf5 gxf5 32. Bd3 Bd4+ 33. Kf1 Ng7 34. a4 Ke7 35. Ke2 Kd7 36. Bb5+ Kc8 37. Bd6 Ne6 38. g3 e4 39. g4 exf3+ 1/2-1/2

[Event "Belgrade GMA op"]
[Site "Belgrade"]
[Date "1988.??.??"]
[Round "?"]
[White "Despotovic, Momcilo"]
[Black "Soltis, Andrew E"]
[Result "0-1"]
[WhiteElo "2355"]
[BlackElo "2415"]
[PlyCount "45"]
[EventDate "1988.12.??"]
[EventType "swiss"]
[EventRounds "9"]
[EventCountry "YUG"]
[SourceTitle "TD"]
[Source "ChessBase"]
[SourceDate "1994.03.01"]
[SourceVersion "1"]
[SourceVersionDate "1994.03.01"]
[SourceQuality "1"]

1. d4 Nf6 2. c4 d6 3. Nc3 Nbd7 4. Nf3 g6 5. e4 e5 6. d5 a5 7. Bd3 Bg7 8. h3 Nc5 9. Bc2 Nh5 10. g4 Nf4 11. Bxf4 exf4 12. Qd2 a4 13. Rb1 h5 14. g5 0-0 15. Ne2 Bd7 16. Qxf4 b5 17. cxb5 Bxb5 18. Qe3 Re8 19. Ned4 Bc4 20. Nc6 Qd7 21. Rd1 Bxa2 22. 0-0 Bb3 23. Nfd4 0-1

[Event "Belgrade GMA op"]
[Site "Belgrade"]
[Date "1988.??.??"]
[Round "?"]
[White "Ivkov, Borislav"]
[Black "Despotovic, Momcilo"]
[Result "1-0"]
[WhiteElo "2470"]
[BlackElo "2355"]
[PlyCount "127"]
[EventDate "1988.12.??"]
[EventType "swiss"]
[EventRounds "9"]
[EventCountry "YUG"]
[SourceTitle "TD"]
[Source "ChessBase"]
[SourceDate "1994.03.01"]
[SourceVersion "1"]
[SourceVersionDate "1994.03.01"]
[SourceQuality "1"]

1. Nf3 Nf6 2. g3 d6 3. Bg2 e5 4. 0-0 c6 5. c4 Be6 6. d3 h6 7. Nc3 Nbd7 8. e4 Be7 9. b3 0-0 10. h3 d5 11. exd5 cxd5 12. cxd5 Nxd5 13. Bb2 Re8 14. Rc1 Bb4 15. Ng5 Nxc3 16. Bxc3 Bxc3 17. Nxe6 Rxe6 18. Rxc3 Rb8 19. Qc2 b6 20. Rc1 Rd6 21. b4 Nf6 22. Rc7 Rxd3 23. Rxa7 Qd4 24. Qc4 Rf8 25. Qxd4 Rxd4 26. b5 e4 27. g4 Nd7 28. Bxe4 Nc5 29. Bg2 f5 30. Re1 Rd7 31. Rxd7 Nxd7 32. Bd5+ Kh8 33. Be6 Nc5 34. Bxf5 Ra8 35. Rd1 Kg8 36. Rd6 Rb8 37. Rc6 Kf7 38. h4 Na4 39. g5 hxg5 40. hxg5 Nc5 41. Rc7+ Kf8 42. Rc6 Ke7 43. Kg2 Rd8 44. Rxb6 Rd5 45. Bc2 Rxg5+ 46. Kf1 Nd7 47. Rg6 Rxg6 48. Bxg6 Kd6 49. a4 Kc5 50. a5 Ne5 51. Be8 Nc4 52. a6 Kb6 53. Ke2 Ne5 54. Ke3 Ng4+ 55. Kf3 Ne5+ 56. Kf4 Nd3+ 57. Ke3 Ne5 58. Bh5 Nd7 59. Be2 Nc5 60. Kf4 Ne6+ 61. Ke5 Ng5 62. Kf5 Nh3 63. f3 Ka7 64. Kg4 1-0

[Event "Yugoslavia "]
[Site "Yugoslavia"]
[Date "1984.??.??"]
[Round "?"]
[White "Despotovic, Momcilo"]
[Black "Velimirovic, Dragoljub"]
[Result "0-1"]
[WhiteElo "2395"]
[BlackElo "2500"]
[PlyCount "56"]
[EventDate "1984.??.??"]
[EventType "game"]
[EventRounds "9"]
[EventCountry "YUG"]
[SourceTitle "EXT 2010"]
[Source "ChessBase"]
[SourceDate "2010.11.25"]
[SourceVersion "1"]
[SourceVersionDate "2010.11.25"]
[SourceQuality "1"]

1. c4 c5 2. Nc3 Nc6 3. g3 g6 4. Bg2 Bg7 5. a3 a6 6. Rb1 Rb8 7. b4 cxb4 8. axb4 b5 9. cxb5 axb5 10. Nf3 e5 11. d4 Nxd4 12. Nxd4 exd4 13. Ne4 d5 14. Bf4 dxe4 15. Bxb8 Bf5 16. Ba7 Ne7 17. e3 d3 18. g4 Be6 19. Bxe4 Bc3+ 20. Kf1 Qd7 21. Bd4 Bxd4 22. exd4 0-0 23. Bxd3 Bxg4 24. Be2 Bh3+ 25. Ke1 Nd5 26. Qd2 Re8 27. Kd1 Rxe2 28. Kxe2 Qg4+ 0-1

[Event "YUG-chT 33rd"]
[Site "Arandjelovac"]
[Date "1981.08.26"]
[Round "9.5"]
[White "Despotovic, Momcilo"]
[Black "Cekro, Ekrem"]
[Result "1/2-1/2"]
[WhiteElo "2440"]
[BlackElo "2350"]
[PlyCount "52"]
[EventDate "1981.08.16"]
[EventType "team"]
[EventRounds "9"]
[EventCountry "SRB"]
[SourceTitle "EXT 2021"]
[Source "ChessBase"]
[SourceDate "2020.10.23"]
[SourceVersion "1"]
[SourceVersionDate "2020.10.23"]
[SourceQuality "1"]
[WhiteTeam "Smederevska Palanka Gosa"]
[BlackTeam "Sarajevo SK"]
[WhiteTeamCountry "YUG"]
[BlackTeamCountry "YUG"]

1. d4 Nf6 2. c4 e6 3. Nf3 b6 4. g3 Bb7 5. Bg2 Be7 6. 0-0 0-0 7. Nc3 Ne4 8. Nxe4 Bxe4 9. Ne1 Bxg2 10. Nxg2 d5 11. Qa4 dxc4 12. Rd1 Qd5 13. Ne3 Qc6 14. Qxc4 Qxc4 15. Nxc4 Rd8 16. Bf4 Nc6 17. e3 Rac8 18. g4 b5 19. Nd2 Bd6 20. Bg3 Bxg3 21. hxg3 e5 22. Nf3 exd4 23. exd4 Ne7 24. Rac1 c6 25. Rc5 Rd5 26. Rdc1 Rcd8 1/2-1/2

[Event "Smederevska Palanka"]
[Site "Smederevska Palanka"]
[Date "1981.06.21"]
[Round "13"]
[White "Ermenkov, Evgenij"]
[Black "Despotovic, Momcilo"]
[Result "1-0"]
[WhiteElo "2490"]
[BlackElo "2440"]
[PlyCount "80"]
[EventDate "1981.06.06"]
[EventType "tourn"]
[EventRounds "13"]
[EventCountry "YUG"]
[EventCategory "8"]
[SourceTitle "MCD"]
[Source "ChessBase"]
[SourceDate "1999.07.01"]
[SourceVersion "1"]
[SourceVersionDate "1999.07.01"]
[SourceQuality "1"]

1. d4 Nf6 2. Nf3 e6 3. Bg5 h6 4. Bxf6 Qxf6 5. e4 c5 6. c3 Nc6 7. d5 Ne5 8. Be2 Nxf3+ 9. Bxf3 e5 10. 0-0 Qb6 11. Nd2 d6 12. a4 Be7 13. Nc4 Qc7 14. Bg4 0-0 15. Bxc8 Raxc8 16. Qg4 Rce8 17. f4 Bf6 18. f5 b6 19. Rf3 Ra8 20. Raf1 Rfb8 21. Qh5 a6 22. Ne3 b5 23. Rg3 Kf8 24. a5 b4 25. Ng4 Qxa5 26. h4 bxc3 27. bxc3 Rb2 28. Kh2 Rab8 29. Nxf6 gxf6 30. Qxh6+ Ke7 31. Qg7 Qd8 32. h5 Qh8 33. h6 Rc8 34. Rff3 Rbb8 35. h7 Rg8 36. Qh6 Rgf8 37. Rg7 Rb5 38. Rfg3 Rbb8 39. R3g6 Kd7 40. Rxf6 Ke8 1-0

[Event "Smederevska Palanka"]
[Site "Smederevska Palanka"]
[Date "1981.06.17"]
[Round "10"]
[White "Despotovic, Momcilo"]
[Black "Rajkovic, Dusan"]
[Result "1/2-1/2"]
[WhiteElo "2440"]
[BlackElo "2490"]
[PlyCount "31"]
[EventDate "1981.06.06"]
[EventType "tourn"]
[EventRounds "13"]
[EventCountry "YUG"]
[EventCategory "8"]
[SourceTitle "MCD"]
[Source "ChessBase"]
[SourceDate "1999.07.01"]
[SourceVersion "1"]
[SourceVersionDate "1999.07.01"]
[SourceQuality "1"]

1. d4 e6 2. c4 d5 3. Nc3 Nf6 4. Bg5 Be7 5. e3 0-0 6. Nf3 Nbd7 7. Rc1 c6 8. Bd3 dxc4 9. Bxc4 Nd5 10. Bxe7 Qxe7 11. 0-0 Nxc3 12. Rxc3 e5 13. dxe5 Nxe5 14. Nxe5 Qxe5 15. f4 Qf6 16. Qc2 1/2-1/2

[Event "Smederevska Palanka"]
[Site "Smederevska Palanka"]
[Date "1981.06.06"]
[Round "1"]
[White "Despotovic, Momcilo"]
[Black "Krnic, Zdenko"]
[Result "1/2-1/2"]
[WhiteElo "2440"]
[BlackElo "2470"]
[PlyCount "22"]
[EventDate "1981.06.06"]
[EventType "tourn"]
[EventRounds "13"]
[EventCountry "YUG"]
[EventCategory "8"]
[SourceTitle "MCD"]
[Source "ChessBase"]
[SourceDate "1999.07.01"]
[SourceVersion "1"]
[SourceVersionDate "1999.07.01"]
[SourceQuality "1"]

1. c4 e5 2. Nc3 Nc6 3. g3 g6 4. Bg2 Bg7 5. Rb1 a5 6. a3 Nge7 7. b4 axb4 8. axb4 Nd4 9. e3 Ne6 10. Nge2 0-0 11. 0-0 c6 1/2-1/2

[Event "Smederevska Palanka"]
[Site "Smederevska Palanka"]
[Date "1979.06.02"]
[Round "1"]
[White "Despotovic, Momcilo"]
[Black "Velimirovic, Dragoljub"]
[Result "1-0"]
[WhiteElo "2365"]
[BlackElo "2515"]
[PlyCount "61"]
[EventDate "1979.06.??"]
[EventType "tourn"]
[EventRounds "13"]
[EventCountry "YUG"]
[EventCategory "8"]
[SourceTitle "EXT 2001"]
[Source "ChessBase"]
[SourceDate "2000.11.22"]
[SourceVersion "1"]
[SourceVersionDate "2000.11.22"]
[SourceQuality "1"]

1. d4 Nf6 2. c4 c5 3. d5 g6 4. Nc3 Bg7 5. e4 0-0 6. Bg5 d6 7. f3 a6 8. a4 h6 9. Be3 Nbd7 10. Nh3 Ne5 11. Nf2 e6 12. Be2 exd5 13. cxd5 Rb8 14. Qd2 h5 15. 0-0 Qe8 16. h3 b5 17. axb5 axb5 18. f4 Nc4 19. Bxc4 bxc4 20. e5 Nd7 21. Nfe4 dxe5 22. f5 Qd8 23. Qe2 gxf5 24. Rxf5 Nb6 25. Rxh5 f5 26. Nxc5 f4 27. Bf2 Bf5 28. Ra7 Qe8 29. Rg5 Rf7 30. Rxf7 Qxf7 31. Qxe5 1-0